| 000 | 00796nam a2200241 i 4500 | ||
|---|---|---|---|
| 001 | 180854 | ||
| 003 | ES-MaACL | ||
| 005 | 20250821102028.0 | ||
| 008 | 120720s1991 sp ao |||| | spa d | ||
| 020 | _a84-7679-199-2 | ||
| 080 | _a726.57(460.181 L.) | ||
| 100 | 1 |
_aFernández González, Etelvina. _9151105 |
|
| 245 | 1 | 0 |
_aSan Isidoro de León / _cpor Etelvina Fernández González. |
| 260 |
_aMadrid : _bHistoria Viva, _c[1991] |
||
| 300 |
_aVIII, 31 p. : _bil. col. y n. ; _c24 cm. |
||
| 490 | 1 |
_aCuadernos de arte español ; _v53 |
|
| 504 | _aBibliografía: p. 31. | ||
| 594 | _aEn cub.: Historia 16. | ||
| 610 | 2 | 7 |
_aReal Colegiata de San Isidoro de León. _9151106 |
| 830 | 0 | 0 |
_aCuadernos de arte español _v53 _9191338 |
| 852 |
_aES-MaACL _j2314-F-29 |
||
| 999 |
_c180854 _d180854 |
||